| 000 | 01550nam a22002297a 4500 | ||
|---|---|---|---|
| 005 | 20241121090415.0 | ||
| 008 | 240527b ||||| |||| 00| 0 eng d | ||
| 040 | _cSSBUL | ||
| 041 | _aMyanmar | ||
| 082 |
_223 _a၂၉၄.၃၈၂၀၉ မောင် _b၄၆၅၉ S-ARF |
||
| 100 | 0 | _aမောင်မောင်ညွန့် (မန်းတက္ကသိုလ်) | |
| 245 | 1 | 0 |
_aမြန်မာနိုင်ငံပါဠိနှင့်ပိဋကတ် စာပေသမိုင်းသစ် / _cမောင်မောင်ညွန့် (မန်းတက္ကသိုလ်)။ |
| 260 |
_aရန်ကုန် ၊ _bစာပေဗိမာန်၊ _c၂၀၀၃။ |
||
| 300 |
_a၃၂၁ စာမျက်နှာ ၊ _c၁၇ စင်တီ။ |
||
| 440 |
_aစာပေဗိမာန်ပြည်သူ့လက်စွဲစာစဉ် _927890 |
||
| 500 | _aS-ARF: Dr. Aleix Ruiz-Falques S-KZN: Prof.Kyaw Zaw Naing S-SAT: Dr. Sai Aung Tun | ||
| 500 | _a၂၀၀၁-ခုနှစ်၊ ပခုက္ကူဦးအုံးဖေစာပေဆု ကျမ်းစာပေပထမဆုစာအုပ်ဖြစ်သည်။ | ||
| 504 | _6ကျမ်းကိုးစာရင်းနှင့်အက္ခရာစဉ်အညွှန်းပါသည်။ | ||
| 650 |
_aဗုဒ္ဓစာပေ _xသမိုင်းနှင့်ဝေဖန်ရေး _911831 |
||
| 650 |
_aပါဠိစာပေ _vသမိုင်း _937890 |
||
| 942 |
_2ddc _cBK1 |
||
| 999 |
_c34764 _d34764 |
||